000 00608nam a2200205Ia 4500
005 20250326144124.0
008 250326s9999 xx 000 0 und d
020 _a978-0-470-17150-9
037 _aTextbook
040 _aFMSL
_beng
_cFMSL
041 _aeng
_2eng
084 _aX:512 P8
_qFMSL
100 _aGaines-ross L
_9749075
245 0 _aCoporate reputation 12 steps to safeguarding and recovering reputation
_cGaines-ross L
260 _aUnited Kingdom
_bUnited Kingdom, Wiley
_c2008
300 _a183p
365 _b1674.704
942 _cTB
_hX:512 P8
999 _c1302440
_d1302440